<?xml version="1.0" encoding="UTF-8"?>
<collection xmlns="http://www.loc.gov/MARC21/slim">
<record>
  <controlfield tag="001">3088</controlfield>
  <controlfield tag="005">20170116144156.0</controlfield>
  <datafield tag="037" ind1=" " ind2=" ">
    <subfield code="a">OUTRTLK-2017-0015</subfield>
  </datafield>
  <datafield tag="100" ind1=" " ind2=" ">
    <subfield code="a">Bourgoignie, Bram</subfield>
  </datafield>
  <datafield tag="245" ind1=" " ind2=" ">
    <subfield code="a">Regisseer je eigen zonnefilm</subfield>
  </datafield>
  <datafield tag="260" ind1=" " ind2=" ">
    <subfield code="c">2016</subfield>
  </datafield>
  <datafield tag="269" ind1=" " ind2=" ">
    <subfield code="c">2016-10-27</subfield>
  </datafield>
  <datafield tag="520" ind1=" " ind2=" ">
    <subfield code="a">Sinds we satellieten de ruimte insturen, hebben we de Zon leren kennen als een dynamische ster die ons beïnvloedt op een manier die je niet verwacht. Onze ster zorgt voor ‘ruimteweer’. Ruimteweer is een jonge wetenschap die steeds belangrijker wordt omdat alledaagse technologie, zoals navigatiesystemen en tijdsregistratie, er serieus kan door verstoord worden.  Met de software JHelioviewer kunnen we virtueel door de zonneatmosfeer en de ruimte surfen, langsheen magnetische zonnelussen, krachtvelden en zonnestormen. Tijdens de workshop kunnen de leerlingen hun eigen zonnefilm regisseren. </subfield>
  </datafield>
  <datafield tag="594" ind1=" " ind2=" ">
    <subfield code="a">STCE</subfield>
  </datafield>
  <datafield tag="700" ind1=" " ind2=" ">
    <subfield code="a">Lemaitre, Olivier</subfield>
  </datafield>
  <datafield tag="700" ind1=" " ind2=" ">
    <subfield code="a">Vanlommel, Petra</subfield>
  </datafield>
  <datafield tag="773" ind1=" " ind2=" ">
    <subfield code="t">Wetenschapsweek, planetarium</subfield>
  </datafield>
  <datafield tag="856" ind1="0" ind2=" ">
    <subfield code="f">petra.vanlommel@observatoire.be</subfield>
  </datafield>
  <datafield tag="980" ind1=" " ind2=" ">
    <subfield code="a">OUTRTLK</subfield>
  </datafield>
</record>
</collection>